Les personnages principaux de Top Gun Maverick (2022) - Statistiques

Statistiques générales
  • Ce quiz a été pris 156 fois
  • Le résultat moyen est 8 sur 15
Statistiques - réponses
Par images Réponse % Correct
Maverick
99%
Iceman
85%
Bob
83%
Rooster
81%
Phoenix
76%
Fanboy
72%
Hangman
64%
Penny
54%
Payback
53%
Coyote
47%
Amelia
34%
Cyclone
25%
Hondo
19%
Hammer
15%
Warlock
15%
Aucun quiz correspondant
Distribution des résultats
% des personnes avec chaque résultat
Percentile par nombre de réponses
Votre historique - résultats
Vous n’avez pas pris ce quiz